00984cam a22002654a 4500999001300000001000500013003000900018005001700027008004100044020001500085040002800100082002400128245013800152260004200290300004800332504005100380650002200431650002300453650003900476650002400515650002300539700002200562942001200584952012200596 c459d4594769BD-DhUAP20200122143941.0200122s2001 dcua b i001 0 eng  a0821348221 aDLCcDLCdBD-DhUAPbEng00223a331.2520973 NEW00aNew ideas about old age security :btoward sustainable pension systems in the 21st century /cedited by Robert Holzmann ... [et al.]. aWashington, DC :bWorld Bank,cc2001. axviii, 493 pages :billustrations ;c23 cm. aIncludes bibliographical references and index. 0aOld age pensions. 0aRetirement income. 0aOlder peoplexEconomic conditions. 0aOld age assistance. 0aEconomic security.1 aHolzmann, Robert. 2ddccBK 00102ddc4070aUAPCLbUAPCLcGeneral Stacksd2020-01-22o331.2520973 NEWp3010004769r2020-01-22t1w2020-01-22yBK